How Well Can You See? Quiz Stats

Quiz Updated Sep 8, 2014

Also try: Color Snap
Challenge
Share
Tweet
Embed
Score 0/50 Timer 03:00
1 Play Today
% Correct
visible
100%
completely
96.6%
black
95.9%
think
95.7%
twister
95.6%
umbrella
95.5%
parachute
95.4%
bowling
95.2%
married
95.2%
heroic
95.1%
football
95.1%
wishful
95%
penguin
95%
jaguar
94.9%
hungry
94.8%
picnic
94.7%
zippers
94.5%
flight
94.2%
thoughtful
93.8%
onion
93.1%
skillful
92.8%
gorilla
92.4%
fading
92.1%
about
91.7%
halfway
91.5%
% Correct
eyesight
91%
getting
90.3%
harder
90.1%
trident
89.9%
mermaid
89.4%
forget
89%
queen
88.6%
outlet
88.1%
deadly
87.3%
extremely
86.5%
poor
85.3%
contrast
84.2%
yellowness
82.7%
increasing
80.3%
visibility
77.8%
decreasing
75.2%
hopeless
72.5%
incredible
68.5%
continue
63.9%
almost
58.7%
there
54.4%
writing
51.4%
practically
39.9%
invisible
32.8%
invisible
25.9%

You're not logged in!

Compare scores with friends on all Sporcle quizzes.
Join for Free
OR
Log In

You Might Also Like...

Show Comments

Extras

Top Quizzes Today


Score Distribution

Your Account Isn't Verified!

In order to create a playlist on Sporcle, you need to verify the email address you used during registration. Go to your Sporcle Settings to finish the process.

Report this User

Report this user for behavior that violates our Community Guidelines.

Details: